000 00605nam a22001817a 4500
003 CEME
005 20210628203248.0
008 210125b xxu||||| |||| 00| 0 eng d
020 _a9781604562545
040 _c.
082 _a621.312 OBA
100 _aObara, Shin'ya
_964367
245 _aDistribution optimizing plan for small-scale energy systems
260 _aNEW YORK
_bNOVA SCIENCE PUBLISHER
_c2008
300 _a203P
650 _aSMALL POWER PRODUCTION FACILITIES. DISTRIBUTED GENERATION OF ELECTRIC POWER.DISTRIBUTION OPTIMIZING PLAN FOR SMALL-SCALE ENERGY SYSTEMS
_964368
942 _cBK
_2ddc
999 _c572882
_d572882